000 00534nam a22001697a 4500
003 OSt
005 20251124134644.0
008 251124b |||||||| |||| 00| 0 eng d
020 _a978-971-95556-1-2
040 _cCL
100 _aPADILLA, RAQUEL DELFIN
245 _aSindi ng lampara (OFW stories) /
260 _aPhilippines :
_bAllibratore Enterprises,
_c c2012.
300 _a233 pages ;
_c21 cm.
650 _2Short stories--Collections. 2. Short stories, Philippines. I. Revilla, Jovelyn Bayubay.
942 _2ddc
_cFIC.
_n0
999 _c6091
_d6091